000 00475nam a2200157Ia 4500
008 160316s1997 xxu||||| |||| 00| 0 eng d
082 _a346.052000
_bCOS
100 _aCosta Mario Bruta
245 _aLaw of succession : In accordence with the civil code in force in Goa, Daman and Diu
250 _a
260 _aGoa
_bBelcris Association
_c1997
300 _a349p
_b
_c
365 _bRs.380/-
650 _a1. Resource Law - Succession - Goa - Daman - Diu
700 _a
_a
999 _c11566
_d11566